000 00916nam a2200193Ia 4500
999 _c40358
_d40358
001 6966
003 GE_BSU
005 20190701170749.0
008 181216s1978||||ge |||||||||||||| ||geo||
041 _ageo
080 _a621.9.06.-52 ჩ-72
100 _aჩიხლაძე, გ.
_91385
245 _aკბილსაჭრელი ავტომატები და ნახევრადავტომატები : ლექციების კონსპექტი /
_cგ. ჩიხლაძე ; რედ : ე. კირვალიძე.
264 _aთბილისი :
_bსპი,
_c1978.
300 _a183 გ .:
_bცხრ.
_c19 სმ.
653 _aსაჭრელი ავტომატები და ნახევადავტომატები
700 _aკირვალიძე , ე
_eრედაქტორი
_93141
942 _cBK
_2udc